000
00340nam a22001577a 4500
003
SGT
082
_a
611
_b
R14W
100
_a
WAUGH, ANNE
245
_a
ROSS AND WILSON ANATOMY & PHYSIOLOGY
250
_a
12TH
260
_a
NEW DELHI
_b
ELSEVIER
_c
2017
300
_a
509
650
_a
PHARMACY
653
_a
ANATOMY
942
_2
ddc
_c
BK
_0
147
999
_c
13633
_d
13633